000 00506nam a2200193 a 4500
001 1771063879286
003 YourLibrary
005 20260214154420.0
008 260214s2009##################000#0#eng##
020 _a9788180696145
082 0 4 _a307.720954
_bCHA
100 1 _aChauhan, Brij Raj,
_eauthor.
245 1 0 _aRural Life :
260 _bConcept Publishing Company,
_c2009.
300 _a266 pages
650 0 _aRural development.
942 _cENGLISH
040 _aYourLibrary
_beng
_cYourLibrary
999 _c612429
_d612429